MDQL
is popping MORE tags! Check the
thread
!
Quizzes
Events
Quiz Creation
Community
Videos
Private Events
Remove Ads
Sign In
Join for FREE
Feedback
Dark Mode
Quiz Categories
Sports
Geography
Music
Movies
Television
Just For Fun
Miscellaneous
History
Literature
Language
Science
Gaming
Entertainment
Religion
Holiday
For Kids
Quiz Lab
Recent
Popular Today
Quiz Kudos Today
Editor Picks
Curator Picks
Quizzes by...
Day
Popularity
Type
Ratings
Length
Year
Community
Subscriptions
Recent Discussions
Orange Saloon
Badges
Playlists
Quests
Create
Leaderboards
Showdown
Live 5
Trivia Bingo
Activity
Puzzle Library
Sporcle Events
Private Events
Virtual Trivia
Globe League
Become a Host
Pub Owners
SporcleCon
Opinionation
Our Games
Videos
Blog
Mobile Apps
Partnerships
Remove Ads and Go Orange
Feedback
Movies
Disney
Marvel Cinematic Universe
Movie Resume
Movie Titles
Oscar
Actor
Actress
Director
Pixar
Role
Movie Quotes
Movie Characters
Box Office
Nominee
Best Picture
Star Wars
James Bond
Horror Movies
Movies
Disney
Marvel Cinematic Universe
Movie Resume
Movie Titles
Oscar
Actor
Actress
Director
Pixar
Role
Movie Quotes
Movie Characters
Box Office
Nominee
Best Picture
Star Wars
James Bond
Horror Movies
Random Quiz
Search Sporcle
×
Quiz Lab
Quiz Lab
Movies
Oscar
Type in answers that appear in a list
Type in answers that appear in a list
Classic
Best Score? Go Orange.
Movies that Actors won an Oscar for Stats
Can you name the Movies That Actors Won an Oscar For?
By
09groggc
15m
83 Questions
115 Plays
115 Plays
115 Plays
Comments
Comments
Give Quiz Kudos
Give Quiz Kudos
-
- Ratings
hide this ad
Forced Order
Answers have to be entered in order
Answers have to be entered in order
Replay
Link that replays current quiz
Next Quiz
Link to next quiz in quiz playlist
You Got
0%
They Got
Avg Score
55%
Avg Friend Score
Upgrade to see
Score Distribution
Jump to the score distribution portion of the page
Score
0/83
Timer
15:00
0
Plays Today
Year
Movie
% Correct
1991
The Silence of the Lambs
92.2%
2000
Gladiator
91.3%
1988
Rain Man
90.4%
1994
Forrest Gump
90.4%
2004
Ray
90.4%
2008
Milk
90.4%
2001
Training Day
89.6%
1993
Philadelphia
88.7%
1999
American Beauty
88.7%
1995
Leaving Las Vegas
87.8%
2003
Mystic River
87.8%
2006
The Last King of Scotland
87.8%
2007
There Will Be Blood
87.8%
2002
The Pianist
87%
1972
The Godfather
85.2%
1982
Gandhi
85.2%
2005
Capote
85.2%
1975
One Flew Over the Cuckoo's Nest
84.3%
1987
Wall Street
83.5%
1997
As Good as It Gets
83.5%
1980
Raging Bull
82.6%
1989
My Left Foot
80%
1992
Scent of a Woman
80%
1998
Life is Beautiful
79.1%
2009
Crazy Heart
79.1%
1971
The French Connection
76.5%
1959
Ben-Hur
75.7%
1962
To Kill a Mockingbird
74.8%
Year
Movie
% Correct
1970
Patton
74.8%
1954
On the Waterfront
73.9%
1979
Kramer vs. Kramer
72.2%
1984
Amadeus
72.2%
1986
The Color of Money
69.6%
1981
On Golden Pond
67%
1969
True Grit
65.2%
1996
Shine
63.5%
1956
The King and I
60.9%
1948
Hamlet
60%
1957
The Bridge on the River Kwai
60%
1976
Network
60%
1964
My Fair Lady
57.4%
1934
It Happened One Night
53%
1967
In the Heat of the Night
52.2%
1951
The African Queen
51.3%
1985
Kiss of the Spider Woman
50.4%
1978
Coming Home
49.6%
1952
High Noon
48.7%
1955
Marty
48.7%
1983
Tender Mercies
48.7%
1940
The Philadelphia Story
47%
1977
The Goodbye Girl
46.1%
1963
Lilies of the Field
41.7%
1973
Save the Tiger
41.7%
1966
A Man for All Seasons
40.9%
1990
Reversal of Fortune
40.9%
1944
Going My Way
40%
Year
Movie
% Correct
1942
Yankee Doodle Dandy
36.5%
1965
Cat Ballou
36.5%
1974
Harry and Tonto
35.7%
1960
Elmer Gantry
33%
1953
Stalag 17
32.2%
1968
Charly
32.2%
1946
The Best Years of Our Lives
31.3%
1949
All the King's Men
31.3%
1945
The Lost Weekend
30.4%
1950
Cyrano de Bergerac
29.6%
1938
Boys Town
28.7%
1961
Judgment at Nuremberg
28.7%
1931/
32
Dr. Jekyll and Mr. Hyde
27.8%
1941
Sergeant York
26.1%
1937
Captains Courageous
25.2%
1939
Goodbye, Mr. Chips
25.2%
1958
Separate Tables
24.3%
1931/
32
The Champ
21.7%
1929/
30
Disraeli
17.4%
1943
Watch on the Rhine
16.5%
1932/
33
The Private Life of Henry VIII
14.8%
1928/
29
In Old Arizona
13.9%
1927/
28
The Last Command
12.2%
1935
The Informer
12.2%
1947
A Double Life
11.3%
1936
The Story of Louis Pasteur
10.4%
1930/
31
A Free Soul
7%
Quiz Playlist
Details
Report
Send in Message
Add To Playlist
Classic:
Type in answers that appear in a list
Forced Order:
Answers have to be entered in order
Last Updated: Feb 16, 2017
Quiz Scoreboard
CHALLENGE
Sign Up to Join the Scoreboard
Show All
Scores
Hide
Comments
May contain spoilers
Recently Published
1-10 Letter E Words III
by El_Dandy
Language
2m
Street Fighter Characters
by Artimus82
Gaming
60s
College Basketball Coaching Resumes
by pancakes188
Sports
9m
More to Explore
Quiz From the Vault
Featured Blog Post
Where Did the Easter Bunny Come From?
hide this ad
You Might Also Like...
Tags
Actor Quiz
Oscar Quiz
Won
Today's Top Quizzes in Movies
Browse Movies
hide this ad
Today's Top Quizzes in Oscar
Browse Oscar
Top Contributed Quizzes in Movies
1
Pick 5 Posters: Directed by Spielberg
2
7-to-1: Pixar Characters
3
Hidden Star Wars Character II
4
Hidden Star Wars Character III
5
Pick 5 Posters: Lowest-Rated Spielberg
6
Sorting Actresses
7
Sorting Actors
8
Hidden Star Wars Character IV
9
Hidden Star Wars Character V
10
Pick 5 Posters: Directed by Scorsese
Explore More
Trending Topics
Crossword
Harry Potter
Kpop
NBA
Disney
Marvel
Anime
Pokémon
The Office
WWE
NFL
Soccer
Song
Puzzle
Country
hide this ad
More By:
09groggc
Quiz
Plays
Rating
Category
Featured
Created
Best Picture Oscar Winners
144
2.40
Movies
May 5, 2012
Movies that Actors won an Oscar for
115
4.00
Movies
Dec 14, 2010
Go to Creator's Profile
Score Distribution
Quiz Creator Spotlight
09groggc
Follow
Send a Message
Quizzes Created
-
Created Quiz Play Count
-
More By This Creator
Popular Quizzes Today
1
Find the US States - No Outlines Minefield
2
Find the Countries of Europe - No Outlines Minefield
3
The Countries of the World
4
Find the US States
5
Risky Map Clicking: Biggest States A-Z
6
US States
7
Popular People in 1961
8
Movies - When Are They Set?
More Movies Quizzes
Movie Actors Born in the 1890s
Quiz Lab
Trending Quizzes
Risky Map Clicking: Least Populous States A-Z
USA Borders Longest to Shortest
1-10 Letter G Words
1-10 Letter F Words
Countries of the World: 200 Million BC
Recently Updated
Leaping Animals
pecheneg
Reality TV Shows (A-Z)
bhenderson79
Rickey Henderson's Hall of Fame Teammates
pecheneg
Champions League XIs: Arsenal
pecheneg
Quick Pick: Celebrities in WWE's Hall of Fame
aduchscher
A-Z Keypad Blitz II
pecheneg
Multiple Oscar Actors
pecheneg
Mystery Phrase Blitz: Oscar 'Best Actors'
pecheneg
F. Scott Fitzgerald Novels
LTH
Pick 3 Villains
ddd62291
Trending Topics
Marvel
Anime
Crossword
Disney
Harry Potter
NBA
Kpop
Puzzle
NFL
Pokémon
Soccer
The Office
Country
Song
WWE
Your Account Isn't Verified!
In order to create a playlist on Sporcle, you need to verify the email address you used during registration. Go to your
Sporcle Settings
to finish the process.
Report this User
Report this user for behavior that violates our
Community Guidelines
.
Details:
Send Report
Go to the Sporcle.com Mobile Site →
Comments